UBT Library

Aging, isolation, and resocialization / (Record no. 42276)

000 -LEADER
fixed length control field 00595cam a2200217 a 4500
001 - CONTROL NUMBER
control field 881564
005 - DATE AND TIME OF LATEST TRANSACTION
control field 20180212031645.0
008 - FIXED-LENGTH DATA ELEMENTS--GENERAL INFORMATION
fixed length control field 800215s1980 nyu b 001 0 eng
010 ## - LIBRARY OF CONGRESS CONTROL NUMBER
LC control number 80011705
020 ## - INTERNATIONAL STANDARD BOOK NUMBER
International Standard Book Number 0442206615
040 ## - CATALOGING SOURCE
Original cataloging agency DLC
Transcribing agency DLC
Modifying agency DLC
041 ## - LANGUAGE CODE
Language code of text/sound track or separate title eng
080 ## - UNIVERSAL DECIMAL CLASSIFICATION NUMBER
Universal Decimal Classification number 305.26 BEN
082 00 - DEWEY DECIMAL CLASSIFICATION NUMBER
Classification number 305.26 BEN
100 ## - Rafti
Rafti 50
101 ## - Shkurtesa
Shkurtesa SOC
245 00 - TITLE STATEMENT
Title Aging, isolation, and resocialization /
Statement of responsibility, etc edited by Ruth Bennett ; foreword by Joseph Zubin.
504 ## - BIBLIOGRAPHY, ETC. NOTE
Bibliography, etc Includes bibliographies and index.
906 ## - LOCAL DATA ELEMENT F, LDF (RLIN)
a 7
b cbc
c orignew
d 1
e ocip
f 19
g y-gencatlg
942 ## - ADDED ENTRY ELEMENTS (KOHA)
Source of classification or shelving scheme
Item type Books
Holdings
Withdrawn status Lost status Source of classification or shelving scheme Damaged status Not for loan Collection code Permanent location Current location Shelving location Date acquired Total Checkouts Full call number Barcode Date last seen Price effective from Koha item type
          Koleksioni i përgjithshem UBT - Lipjan UBT - Lipjan Koleksioni i përgjithshem 02/12/2018   305.26 BEN 002-2998681 02/12/2018 02/12/2018 Books
UBT Library © 2015-2024. All rights reserved University Education for Business and Technology